000 00418nam a22001577a 4500
020 _a0-340-684730-4
082 _a823
_bDAN/C
100 _aDANIELS, LUCY
245 _aCHICK CHALLENGE
_bA FAMILY OF CHICKS ON THE FARM
246 _aCHICK CHALLENGE
_bA FAMILY OF CHICKS ON THE FARM
260 _aBRITIAN
_bHODDER CHILDREN'S BOOKS
_c1997
300 _a123
520 _aSHORT STORY
650 _aSORT STORY
942 _cBK
999 _c1890
_d1890